00350nam a22001457a 450000500170000000800410001702000180005804100080007608200090008410000270009324500240012026000280014430000080017265000240018020160521114410.0160521b xxu||||| |||| 00| 0 eng d a81-219-1337-3 aeng b3737 aR.S. Kaurmi J.K. Gupta aThermal Engineering bSchandle Company c2004 a886 aDIPLOMA ENGINEERING